| 000 | 00644nam a22001817a 4500 | ||
|---|---|---|---|
| 005 | 20251108164323.0 | ||
| 008 | 250721s1992 xx 000 0 ara d | ||
| 082 | 1 | 4 | _a356.167/ويل |
| 100 | 1 | _aويلمر، ماكس | |
| 245 | 1 | 0 |
_aالدليل المصور للقوات الخاصة الحديثة : _bدليل إلى الأسلحة ... / |
| 264 | 1 |
_aباريس : _bمنشورات عويدات : منشورات البحر المتوسط، _c1992. |
|
| 300 | _a206ص | ||
| 650 | 1 | 7 | _aالقوات الخاصة |
| 650 | 1 | 7 | _aقوات الصاعقة |
| 700 | 1 |
_aزين الدين، أمل _eترجمة |
|
| 942 |
_2ddc _cBK |
||
| 999 |
_c9240 _d9240 |
||